000
00264nam a2200109Ia 4500
008
240625s9999 xx 000 0 und d
041
_a
eng
082
_a
658.12 BUT
100
_a
BUTTLE FRANCIS
245
_a
CUSTOMER RELATIONSHIP MANAGEMENT CONCEPT
260
_c
2013
999
_c
39507
_d
39507